书目信息 |
| 题名: |
实用公文写作知识读本
|
|
| 作者: | 段展样 著 | |
| 分册: | ||
| 出版信息: | 北京 中国人事出版社 2002 |
|
| 页数: | 294页 | |
| 开本: | 21cm | |
| 丛书名: | 地方初级公务员任职培训系列教材 | |
| 单 册: | ||
| 中图分类: | H152.3 | |
| 科图分类: | ||
| 主题词: | 公文--gong wen--写作 , 公文--gong wen , 写作--xie zuo | |
| 电子资源: | ||
| ISBN: | 7-80139-816-5 | |
| 000 | 00809nam 2200253 450 | |
| 001 | CAL 012006083366 | |
| 005 | 20061113161056.76 | |
| 010 | @a7-80139-816-5@dCNY14.00 | |
| 100 | @a20061012d2002 em y0chiy0120 ea | |
| 101 | 0 | @achi |
| 102 | @aCN@b110000 | |
| 105 | @ak z 000yy | |
| 200 | 1 | @a实用公文写作知识读本@Ashi yong gong wen xie zuo zhi shi du ben@f段展样著 |
| 210 | @a北京@c中国人事出版社@d2002 | |
| 215 | @a294页@d21cm | |
| 225 | 2 | @a地方初级公务员任职培训系列教材@Adi fang chu ji gong wu yuan ren zhi pei xun xi lie jiao cai |
| 410 | 0 | @12001 @a地方初级公务员任职培训系列教材 |
| 606 | 0 | @a公文@Agong wen@x写作 |
| 606 | 0 | @a公文@Agong wen |
| 606 | 0 | @a写作@Axie zuo |
| 690 | @aH152.3@v4 | |
| 701 | 0 | @a段展样@Aduan zhan yang@4著 |
| 801 | 0 | @aCN@c20061113 |
| 905 | @a10447@dH152.3@eD940 | |
| 实用公文写作知识读本/段展样著.-北京:中国人事出版社,2002 |
| 294页;21cm.-(地方初级公务员任职培训系列教材) |
| ISBN 7-80139-816-5:CNY14.00 |
| ● |
| 相关链接 |
|
|
|
正题名:实用公文写作知识读本
索取号:H152.3/D940
 
预约/预借
| 序号 | 登录号 | 条形码 | 馆藏地/架位号 | 状态 | 备注 |
| 1 | 636764 | 206367643 | 语言库209/209语言库 74排3列4层/ [索取号:H152.3/D940] | 在馆 | |
| 2 | 636765 | 206367652 | 语言库209/209语言库 74排3列4层/ [索取号:H152.3/D940] | 在馆 | |
| 3 | 636766 | 206367661 | 语言库209/209语言库 74排3列4层/ [索取号:H152.3/D940] | 在馆 |